Carne : cunicultura /
Guardado en:
| Formato: | Libro |
|---|---|
| Publicado: |
La Plata :
el Ministerio[s.f.]
|
| Materias: | |
| Etiquetas: |
Agregar Etiqueta
Sin Etiquetas, Sea el primero en etiquetar este registro!
|
| LEADER | 00524nam a22001695a 4500 | ||
|---|---|---|---|
| 001 | CEM.cems017445 | ||
| 005 | 20120823161452.0 | ||
| 008 | 130507b######################000#0#####d | ||
| 003 | CEMS | ||
| 082 | 0 | 4 | |a 636.9 |
| 245 | 0 | 0 | |a Carne : |b cunicultura / |c Ministerio de Asuntos Agrarios |
| 260 | |a La Plata : |b el Ministerio[s.f.] | ||
| 300 | |a 95 p. | ||
| 505 | 0 | |a Conejos - Instalaciones - Alimentación - Reproducción - Crianza | |
| 653 | |a Cunicultura | ||
| 653 | |a Conejos | ||
| 859 | |a CEMS |b BIB. CEMS - Agricultura |h 636.9 |i B862 |p A1189.10 |t Ej.1 | ||
